01045nam a2200229 a 450000100100000000500170001000800410002702000150006804000250008310000250010824501740013324600190030726001050032630000170043149000360044850500360048470000360052071000940055683000430065095201050069399900170079800004191720201002035829.0131022s1990 sp 000 0 spa d a840007095X aDO-SdBNPbspacBNPHU1 aOria, Juan de96881410aJohannis de Oria Opera Logica :bSummularum Volumen Secundum /cestablecimiento y corrección del texto, introducción, bibliografía y notas Vicente Muñoz Delgado.10aOpera lógica aMadrid :bConsejo Superior de Investigaciones Científicas, Centro de Estudios Históricos,c1990. av. ;c25 cm.1 aBibliotheca Theologica Hispana.2 av. 2tTractatus de enuntiatione1 aMuñoz Delgado, Vicente9688152 aConsejo Superior de Investigaciones Científicas, Centro de Estudios Históricos968816 0aBibliotheca Theologica Hispana.968817 001050718MOaGRbGRcCTd2013-10-22iLF1l0o p41917-10r2020-06-25w2020-06-25y1ZNo se presta c41406d41406